भ्रष्टाचार-सर्वशक्तिमान / (Record no. 113522)

MARC details
000 -LEADER
fixed length control field 01113nam a22002537a 4500
005 - DATE AND TIME OF LATEST TRANSACTION
control field 20170124102954.0
010 ## - LIBRARY OF CONGRESS CONTROL NUMBER
LC control number A-968498
020 ## - INTERNATIONAL STANDARD BOOK NUMBER
Terms of availability 100.00
035 ## - SYSTEM CONTROL NUMBER
System control number A-968498
037 ## - SOURCE OF ACQUISITION
Source of stock number/acquisition Cen Lib/Ret
040 ## - CATALOGING SOURCE
Original cataloging agency DPL
Language of cataloging HN
082 ## - DEWEY DECIMAL CLASSIFICATION NUMBER
Classification number 827
Item number गोपाल
100 ## - MAIN ENTRY--PERSONAL NAME
Personal name गोपाल शेखरन
9 (RLIN) 52645
245 ## - TITLE STATEMENT
Title भ्रष्टाचार-सर्वशक्तिमान /
Statement of responsibility, etc गोपाल शेखरन
246 ## - VARYING FORM OF TITLE
Title proper/short title Bhrashtachar-sarvshaktiman /
Remainder of title by Gopal Shekhran
260 ## - PUBLICATION, DISTRIBUTION, ETC. (IMPRINT)
Place of publication, distribution, etc नई दिल्ली
Name of publisher, distributor, etc सामायिक प्रकाशन
Date of publication, distribution, etc 1999
270 ## - ADDRESS
City नई दिल्ली
Address 3543, जटवाडा, नेताजी सुभाष मार्ग, दरियागंज
Postal code 110002
300 ## - PHYSICAL DESCRIPTION
Extent 128पृ.
Dimensions 20सेमी(सजिल्द)
650 ## - SUBJECT ADDED ENTRY--TOPICAL TERM
Topical term or geographic name as entry element हिंदी साहित्य
9 (RLIN) 52646
650 ## - SUBJECT ADDED ENTRY--TOPICAL TERM
Topical term or geographic name as entry element हिंदी साहित्य -- कहानियां
9 (RLIN) 42761
650 ## - SUBJECT ADDED ENTRY--TOPICAL TERM
Topical term or geographic name as entry element Hindi literature
9 (RLIN) 52647
650 ## - SUBJECT ADDED ENTRY--TOPICAL TERM
Topical term or geographic name as entry element Hindi literature -- Stories
9 (RLIN) 52648
942 ## - ADDED ENTRY ELEMENTS (KOHA)
Source of classification or shelving scheme Dewey Decimal Classification
Koha item type Hindi Books
Classification part 827
Call number suffix गोपाल
Holdings
Withdrawn status Lost status Damaged status Not for loan Home library Current library Date acquired Source of acquisition Cost, normal purchase price Total Checkouts Full call number Barcode Date last seen Copy number Cost, replacement price Price effective from Koha item type
        Central Library Central Library 12/08/2015 Cen Lib/Ret 100.00   827 गोपाल A-968498 12/08/2015 1 100.00 12/08/2015 Hindi Books

© Delhi Public Library
Hit Counter
free hit counter